| 000 | 00354cam a2200145ua 4500 | ||
|---|---|---|---|
| 041 |
_aeng _h |
||
| 082 |
_a828.09 _bWAR/EN |
||
| 100 | _aWard, A C . | ||
| 245 |
_aEnglish Literature Chaucer to Bernard shaw / _cA C Ward. _hTextual Documents |
||
| 260 |
_a : _bLongmans , _c1965. |
||
| 300 | _a781 ; . | ||
| 504 | _a | ||
| 942 | _cBK | ||
| 999 |
_c3556 _d3556 |
||